| 000 | 00000nam##2200000za#4500 |
| 001 | 9.574297 |
| 003 | CaOODSP |
| 005 | 20210624184120 |
| 007 | cr ||||||||||| |
| 008 | 150406|2007||||xxc|||||o f|0| 0 eng|d |
| 022 | |a1488-5379 |
| 040 | |aCaOODSP|beng |
| 043 | |an-cn--- |
| 086 | 1 |aFs97-6/2740E-PDF |
| 110 | 1 |aCanada. |bDepartment of Fisheries and Oceans. |
| 245 | 10|aBottom trawl survey of young-of-the-year lingcod (Ophiodon elongatus) in the Strait of Georgia, CCGS Neocaligus, July 28 – August 9, 2006 / |h[electronic resource]|cby A. M. Surry, J. R. King and D. R. Haggarty. |
| 260 | |aNanaimo - British Columbia : |bFisheries and Oceans Canada |c2007. |
| 300 | |a62p.|bfigs., graphs, maps, references, tables |
| 490 | 1 |aCanadian technical report of fisheries and aquatic sciences|x1488-5379|v2740 |
| 500 | |aThe catalogue number (Fs97-6/2740E) and ISSN (0706-6457) for the print edition have been incorrectly copied in this electronic publication. |
| 546 | |a(Résumé en français) |
| 590 | |a12-29-Supp|b2012-06-25 |
| 720 | 1 |aHaggarty, D. R. |
| 720 | 1 |aKing, J. R. |
| 720 | 1 |aSurry, A. M. |
| 776 | 0#|tBottom trawl survey of Young-of-the-year Lingcod (Ophiodon elongatus) in the Strait of Georgia, CCGS Neocaligus, July 28 - August 9, 2006 / |w(CaOODSP)9.618560 |
| 830 | #0|aCanadian technical report of fisheries and aquatic sciences,|x1488-5379|v2740|w(CaOODSP)9.504449 |
| 856 | 40|ahttp://publications.gc.ca|qPDF|s635 KB|uhttps://publications.gc.ca/collections/collection_2012/mpo-dfo/Fs97-6-2740-eng.pdf|y2740 |